000 00275nam a2200109Ia 4500
008 190216s9999||||xx |||||||||||||| ||und||
100 _aKiran Sharma
245 0 _aHindi- Shankaracharya Evamplato: Ek Shaikshik Drishti
260 _bNull
_c2007
650 _aHindi
942 _cBK
999 _c16425
_d16425